000 00708cam a2200241ua 4500
001 4420146
003 ARRUPE
005 20150121112842.0
008 840103s1983 enk 000 0 eng d
020 _a0854392238
035 _a(OCoLC)11091007
035 _a(OCoLC)ocm11091007
035 _a(NNC)4420146
040 _a*VQE*
_c*VQE*
_dNNUT
_dCStRLIN
090 _aBX2350.2
_b.H33 1983
100 1 _aHäring, Bernhard,
_d1912-
_914443
245 1 0 _aChristian maturity :
_bholiness in today's world /
_cBernard Häring.
260 _aSlough, England :
_bSt. Paul,
_c1983.
300 _a141 p. ;
_c21 cm.
650 0 _aChristian life
_xCatholic authors.
_914444
942 _2lcc
_cMONOGRAPH
999 _c121835
_d121835